Sports Quiz

Random Sports or Clickable Quiz

Wrestling Quiz Stats

Quiz not verified by Sporcle

Also try: Heisman Finishers
Challenge
Share
Tweet
Score 0/23 Timer 10:00
0 Plays Today
% Correct
Animal
19.2%
Christy Hemme
19.2%
christian
19.2%
juventud guerrera
19.2%
ken kennedy
15.4%
nunzio
15.4%
batista
15.4%
Heidenreich
11.5%
hardcore holly
11.5%
rey mysterio jr
11.5%
randy orton
11.5%
bob orton jr
11.5%
% Correct
joey mercury
7.7%
johnny nitro
7.7%
melina
7.7%
bobby lashley
7.7%
simon dean
7.7%
chris benoit
7.7%
booker t
7.7%
orlando jordan
7.7%
undertaker
7.7%
john bradshaw layfield
3.8%
eddie guerrero
3.8%

You're not logged in!

Compare scores with friends on all Sporcle quizzes.
Join for Free
OR
Log In

You Might Also Like...

Show Comments

Extras

Created Jul 28, 2016ReportNominate
Tags:Clickable Quiz, wrestling

Top Quizzes Today


Score Distribution

Your Account Isn't Verified!

In order to create a playlist on Sporcle, you need to verify the email address you used during registration. Go to your Sporcle Settings to finish the process.

Report this User

Report this user for behavior that violates our Community Guidelines.

Details: